Obce okresu Jičín - Statistics

General Stats
  • This quiz has been taken 25 times
  • The average score is 47 of 111
Answer Stats
Počet obyvatel Odpověď % Correct
8 587 Hořice
100%
16 230 Jičín
100%
3 720 Lázně Bělohrad
100%
9 060 Nová Paka
100%
2 432 Sobotka
91%
660 Jičíněves
82%
2 205 Kopidlno
82%
1 864 Libáň
82%
1 335 Pecka
82%
2 134 Stará Paka
82%
329 Úlibice
82%
1 374 Železnice
82%
817 Libuň
73%
1 325 Ostroměř
73%
1 305 Valdice
73%
300 Dřevěnice
64%
544 Holovousy
64%
421 Konecchlumí
64%
311 Staré Místo
64%
119 Bílsko u Hořic
55%
223 Choteč
55%
624 Holín
55%
194 Jinolice
55%
618 Lužany
55%
947 Miletín
55%
556 Mladějov
55%
553 Mlázovice
55%
106 Ostružno
55%
477 Radim
55%
558 Slatiny
55%
190 Staré Hrady
55%
159 Tetín
55%
198 Veliš
55%
363 Vidochov
55%
869 Vysoké Veselí
55%
189 Brada-Rybníček
45%
167 Bukvice
45%
779 Cerekvice nad Bystřicí
45%
764 Dětenice
45%
269 Kněžnice
45%
329 Lukavec u Hořic
45%
78 Ohařice
45%
140 Ohaveč
45%
490 Podhradí
45%
214 Šárovcova Lhota
45%
106 Svatojanský Újezd
45%
474 Úbislavice
45%
362 Újezd pod Troskami
45%
331 Vitiněves
45%
214 Bašnice
36%
267 Boháňka
36%
286 Butoves
36%
239 Češov
36%
602 Chomutice
36%
402 Jeřice
36%
178 Kacákova Lhota
36%
142 Kovač
36%
85 Kyje
36%
518 Libošovice
36%
352 Nemyčeves
36%
251 Podůlší
36%
324 Rohoznice
36%
261 Samšina
36%
89 Soběraz
36%
281 Střevač
36%
345 Třtěnice
36%
131 Tuř
36%
235 Žlunice
36%
269 Běchary
27%
96 Borek
27%
157 Budčeves
27%
370 Bystřice
27%
172 Červená Třemešná
27%
218 Cholenice
27%
176 Chyjice
27%
66 Dílce
27%
596 Dobrá Voda u Hořic
27%
60 Dolní Lochov
27%
232 Kbelnice
27%
38 Kostelec
27%
167 Kozojedy
27%
505 Markvartice
27%
185 Nevratice
27%
234 Osek
27%
639 Podhorní Újezd a Vojice
27%
329 Sběř
27%
123 Slavhostice
27%
258 Staré Smrkovice
27%
280 Třebnouševes
27%
139 Úhlejov
27%
157 Vrbice
27%
101 Vřesník
27%
241 Žeretice
27%
162 Bačalky
18%
136 Březina
18%
246 Lískovice
18%
54 Petrovičky
18%
107 Rašín
18%
150 Rokytňany
18%
95 Sedliště
18%
120 Sekeřice
18%
231 Sukorady
18%
328 Údrnice
18%
108 Zámostí-Blata
18%
167 Zelenecká Lhota
18%
262 Bříšťany
9%
316 Milovice u Hořic
9%
229 Volanice
9%
236 Vršce
9%
286 Sobčice
0%
104 Židovice
0%
No matching quizzes found
Score Distribution
Percent of People with Each Score
Percentile by Number Answered
Your Score History
You have not taken this quiz